00455nam a2200193 a 4500001001300000003000900013005001700022008004100039020001000080082001500090100001600105245001100121260003400132300000900166500003500175505001000210650002500220700001600245nice12345678IN_TiNIC20260116011332.0050524s1930 lona grp 000 0 eng  ac10000a953.8bPHI aPhilby, J B aArabia aLondonbErnest Benn Ltdc1930 a387p aincludes index and biblioraphy2 aIndex aSaudi Arabia-History1 aPhilby, J B